000 01242nam a2200301 c 4500
003 BLK
005 20180422114151.0
008 180411b bul|||||r ||||||| ||bul||
010 _aKNG00174901000
040 _aBLK
041 _aBUL
_cBUL
080 _aБългарска литература
_b821.163.2
_x-1
_z821.163.2-1
100 1 _aЕвтимов, Евтим Михалушев
_eпърви автор
_9365147
700 1 _aЗлатанова, Красимира
_eхудож.
_9337395
700 1 _aЗахариев, Здравко
_eхудож.
_9380182
139 _aЕвтимов, Евтим Михалушев
_bЕ 22
245 1 0 _aПоема за България
_cЕвтим Михалушев Евтимов; худож. Красимира Златанова; худож. Здравко Захариев.
257 _aBGR
260 Пловдив
_bХристо Г. Данов
_c1968
300 _a95 с.
_bс рис.
_c18 см
380 _aX
500 _a4 080 тир.
852 _aЦб І 9840
856 4 _qpdf
_u
856 4 _qpdf
_u
942 _cKNG
_n0
944 _aCR
_c05.05.2015
_l05.05.2015 - от С1,Р / 05.05.2015
_kНаталия_Любомирова
944 _aED
_c26.09.2017
_l05.05.2015 - от С1,Р / 05.05.2015
_kВася_Ганчева
999 _c167120
_d167120